LEADER 01011nam0 22002651i 450 001 RML0235779 005 20231121125702.0 100 $a20121121d1989 ||||0itac50 ba 101 | $aita 102 $ait 181 1$6z01$ai $bxxxe 182 1$6z01$an 200 1 $a˜The œKeynesian revolution and its critics$eIssues of theory and policy for the monetary production economy$fGordon A. Fletcher 205 $a2nd ed 210 $aLondon $cMacmillan $d1989 215 $axxv,348 p.$d22 cm 700 1$aFLETCHER$b, Gordon A.$3RMLV150342$043154 801 3$aIT$bIT-01$c20121121 850 $aIT-FR0098 899 $aBiblioteca Area Giuridico Economica$bFR0098 912 $aRML0235779 950 0$aBiblioteca Area Giuridico Economica$d 53CAM 330.1/136$e 53VM 0000043445 VM barcode:ECO002159. - Inventario:4787. - Fondo:Sala consultazioneVM$fA $h19940613$i20121204 977 $a 53 996 $aKeynesian revolution and its critics$933002 997 $aUNICAS LEADER 01261nam0 22003373i 450 001 NAP0396415 005 20251003044249.0 010 $a0412381702 100 $a20080208d1989 ||||0itac50 ba 101 | $aeng 102 $agb 181 1$6z01$ai $bxxxe 182 1$6z01$an 200 1 $aSoftware engineering$fD. C. Ince 210 $aLondon [etc.]$cChapman & Hall$d1989 215 $aVII, 191 p.$d25 cm. 225 | $aTutorial guides in electronic engineering$v17 410 0$1001MIL0045689$12001 $aTutorial guides in electronic engineering$v17 606 $aElaboratori elettronici$xProgrammazione$2FIR$3CFIC000860$9E 676 $a005.1$9PROGRAMMAZIONE$v14 676 $a005.12$9ANALISI E PROGETTAZIONE DEI SISTEMI SOFTWARE$v22 700 1$aInce$b, D. C.$3NAPV105722$4070$0770815 790 1$aInce$b, David C.$3NAPV105723$zInce, D. C. 801 3$aIT$bIT-000000$c20080208 850 $aIT-BN0095 901 $bNAP 01$cSALA DING $n$ 912 $aNAP0396415 950 0$aBiblioteca Centralizzata di Ateneo$c1 v.$d 01SALA DING 005.1 INC.so$e 0102 0000014435 VMA A4 1 v. (Rist. 1994)$fY $h20080208$i20080208 977 $a 01 996 $aSoftware engineering$91572934 997 $aUNISANNIO